| Tag |
First Indicator |
Second Indicator |
Subfields |
| LEADER |
00000cam a22000004a 4500 |
| 001 |
in00001611213 |
| 005 |
20151023053921.0 |
| 008 |
010118s2001 ne b 001 0 eng |
| 010 |
|
|
|a 2001029007
|
| 020 |
|
|
|a 9041198423 (alk. paper)
|
| 035 |
|
|
|a (OCoLC)ocm45784109
|
| 040 |
|
|
|a DLC
|c DLC
|d C#P
|d UtOrBLW
|
| 042 |
|
|
|a pcc
|
| 049 |
|
|
|a TXAM
|
| 050 |
0 |
0 |
|a K1401
|b .W38 2001
|
| 082 |
0 |
0 |
|a 341.7/58
|2 21
|
| 100 |
1 |
|
|a Watal, Jayashree.
|
| 245 |
1 |
0 |
|a Intellectual property rights in the WTO and developing contries /
|c by Jayashree Watal.
|
| 264 |
|
1 |
|a The Hague ;
|a Boston :
|b Kluwer Law International,
|c [2001]
|
| 264 |
|
4 |
|c ©2001
|
| 300 |
|
|
|a xiv, 512 pages ;
|c 25 cm.
|
| 336 |
|
|
|a text
|b txt
|2 rdacontent
|
| 337 |
|
|
|a unmediated
|b n
|2 rdamedia
|
| 338 |
|
|
|a volume
|b nc
|2 rdacarrier
|
| 504 |
|
|
|a Includes bibliographical references (pages [405]-441) and index.
|
| 650 |
|
0 |
|a Intellectual property (International law)
|
| 650 |
|
0 |
|a Foreign trade regulation.
|
| 945 |
|
|
|i PromptCat
|
| 948 |
|
|
|a cataloged
|b h
|c 2001/6/4
|d c
|e mphillip
|f 12:42:44 pm
|
| 994 |
|
|
|a 92
|b TXA
|
| 999 |
|
|
|a MARS
|
| 999 |
f |
f |
|s 731d05f7-d4eb-3f36-b00f-5a1621b6e93d
|i 23d3605d-6089-3f6a-bb52-cb73d56ee835
|t 0
|
| 952 |
f |
f |
|p ric
|a Texas A&M University
|b Rellis Campus
|c Joint Library Facility
|d Remote Storage
|t 0
|e K1401 .W38 2001
|h Library of Congress classification
|i unmediated -- volume
|m A14827701200
|
| 998 |
f |
f |
|a K1401 .W38 2001
|t 0
|l Remote Storage
|